000 00694cab a2200217 4500
001 ABS53009
008 090401t1995 xxu||||| |||| 00| 0 eng d
035 _a(Sirsi) u1314
041 _aeng
245 _aDefining managed workspaces
260 _c1995
350 _a0
490 _aEstates Gazette
_v(9523) 10 June 1995, 115-116(2)
520 _aDefines the term `managed workspace` and examines how this type of development fits into the broader industrial property market. A `Mainly for Students` article.
650 _aINDUSTRIAL PROPERTY
650 _aMANAGED WORKSPACE
650 _aSERVICED OFFICES
690 _aPROPERTY-COMMERCIAL PROPERTY
942 _n0
948 _c04/03/1997
999 _c719
_d719